Sports Quiz

Random Sports or NBA Quiz

NBA Champions Venn Diagram Quiz Stats

 Plays Quiz Updated May 16, 2019

Score 0/8 Timer 03:00
47 Plays Today
% Correct
Boston Celtics
83.7%
San Antonio Spurs
76.9%
Milwaukee Bucks
74.4%
Detroit Pistons
71.8%
Chicago Bulls
71.2%
New York Knicks
64.4%
Golden State Warriors
62.2%
Miami Heat
55.5%

You're not logged in!

Compare scores with friends on all Sporcle quizzes.
OR
Log In

Show Comments

Extras

Top Quizzes Today


Score Distribution

Your Account Isn't Verified!

In order to create a playlist on Sporcle, you need to verify the email address you used during registration. Go to your Sporcle Settings to finish the process.

Report this User

Report this user for behavior that violates our Community Guidelines.

Details: